000 00916nam a2200217 a 4500
001 BRCA_9077
005 20190320210520.0
008 050917s1734----it-#######---#000-0#lat-#
041 _alat
044 _ait
084 _aCO14
_b.A53 1734
100 1 _aAndream a Matre dei
_922444
245 1 0 _aCollegii Salmanticensis FF. Discalceatorum B. Mariae de Monte Carmeli Primitivae Observantiae, cursus theologiae moralis
_btomus tertius, quatuor continens tractatus: I. De Degibus II. De Justitia, et Jure III. De Restitutione IV: De Contractibus
_cper R. P. F. Andream A Matre Dei.
260 _aVenetiis
_bApud nicolaum pezzana
_c1734
300 _a388 p. (t.3)
_c36 x 24 cm
500 _aSuperiorum permissu, ac Privilegio
500 _aEstado físico: presenta encuadernación en pergamino con cantos decorados
650 1 4 _aTeología doctrinal
_yObras anteriores a 1800
_922445
902 _aCFM
942 _2lcc
_cB
999 _c8727
_d8727